| 000 | 01263nam a2200241 i 4500 | ||
|---|---|---|---|
| 001 | 6340 | ||
| 003 | KOSZ 005 | ||
| 005 | 20171128144102.0 | ||
| 008 | 151211s2012 pl f |100 0 pol | ||
| 040 |
_cBPK _dKOSZ 005/EG _dKOSZ 005/HR |
||
| 080 | _a621.391 | ||
| 100 | 1 |
_aBZDYRA, Krzysztof. _d2004 - . _bPolitechnika Koszalińska - Wydział Elektroniki i Informatyki, _cZakład Podstaw Informatyki i Zarządzania |
|
| 245 | 1 | 0 |
_aModele inżynierii teleinformatyki : _bwybrane zastosowania. _n7 / _cred. nauk. Krzysztof Bzdyra. |
| 260 |
_aKoszalin : _bWydaw. Uczelniane Politechniki Koszalińskiej, _c2012. |
||
| 300 |
_a191 s. : _bil. |
||
| 500 | _aDane z autopsji. | ||
| 520 | _aNiniejsza książka powstała jako wynik pracy Naukowego Koła Studentów "OMEGA" działającego na Wydziale Elektroniki i Informatyki Politechniki Koszalińskiej oraz kadry Katedry Podstaw Informatyki i Zarządzania. Zaprezentowany został szeroki przekrój zastosowań technologii IT. | ||
| 650 | 0 | _aTechnologia. | |
| 650 | 0 | _aInformatyka. | |
| 655 | 0 | _aMateriały konferencyjne. | |
| 711 |
_aKrajowa Konferencja Studentów i Młodych Pracowników Nauki "XXI wiek erą elektroniki i teleinformatyki" _n(9 ; _d2012 ; _cKoszalin, Polska). |
||
| 942 |
_cKS _2UKD |
||
| 999 |
_c6340 _d6340 |
||